<?xml version="1.0" encoding="UTF-8"?>
<collection xmlns:xsi="http://www.w3.org/2001/XMLSchema-instance" xsi:schemaLocation="http://www.loc.gov/MARC21/slim http://www.loc.gov/standards/marcxml/schema/MARC21slim.xsd" xmlns="http://www.loc.gov/MARC21/slim">
 <record>
  <leader>00000cja a22000003a 4500</leader>
  <controlfield tag="001">UP-99796217611727169</controlfield>
  <controlfield tag="003">Buklod</controlfield>
  <controlfield tag="005">20150824115501.0</controlfield>
  <controlfield tag="006">a     r    |||| u|</controlfield>
  <controlfield tag="007">ta</controlfield>
  <controlfield tag="008">150824s1968    xx     d|||||||||||||| | </controlfield>
  <datafield tag="035" ind1=" " ind2=" ">
   <subfield code="a">(iLib)UPD-00248706198</subfield>
  </datafield>
  <datafield tag="040" ind1=" " ind2=" ">
   <subfield code="a">DMUE</subfield>
  </datafield>
  <datafield tag="041" ind1=" " ind2=" ">
   <subfield code="g">eng</subfield>
  </datafield>
  <datafield tag="090" ind1=" " ind2=" ">
   <subfield code="a">INDIA LP 0009</subfield>
  </datafield>
  <datafield tag="245" ind1="0" ind2="4">
   <subfield code="a">The four vedas</subfield>
   <subfield code="c">recorded by John Levy and J. F. Staal.</subfield>
  </datafield>
  <datafield tag="264" ind1=" " ind2="1">
   <subfield code="a">New York</subfield>
   <subfield code="b">Asch</subfield>
   <subfield code="c">c1968</subfield>
  </datafield>
  <datafield tag="300" ind1=" " ind2=" ">
   <subfield code="a">2 sound discs</subfield>
   <subfield code="b">analog, 33 1/3 rpm</subfield>
   <subfield code="c">31 cm</subfield>
  </datafield>
  <datafield tag="500" ind1=" " ind2=" ">
   <subfield code="a">Title from container : The four vedas : the oral tradiotion of hymns, chants, sacrificial and magical formulas</subfield>
  </datafield>
  <datafield tag="500" ind1=" " ind2=" ">
   <subfield code="a">Introduction and notes by Professor J.F. Staal</subfield>
  </datafield>
  <datafield tag="500" ind1=" " ind2=" ">
   <subfield code="a">AHM 4126</subfield>
  </datafield>
  <datafield tag="500" ind1=" " ind2=" ">
   <subfield code="a">Folkways FE 4126</subfield>
  </datafield>
  <datafield tag="505" ind1="0" ind2=" ">
   <subfield code="a">Disc 1: Ṛgveda (Opening hymn) -- Ṛgveda (Vikṛti recitation) -- Black yajurveda (Description of sacrifice) -- White yajurveda (Opening verses) -- White yajurveda (Vikṛti recitation) -- White yajurveda (Prayer for immortality) -- Sāmaveda (Opening hymn) -- Sāmaveda (Call to sacrifice) -- Sāmaveda (Text hidden by syllabication) -- Sāmaveda (Jaiminīya school: Opening hymn) -- Sāmavada (Jaiminīya school: Gāna) -- Sāmaveda (Setuṣāman) -- Sāmaveda (Bhāruṇḍa-sāman) -- Atharvaveda (Hymn for peace) -- Atharvavada (Enumeration of sacrifices) ; Disc 2, The Nambudiri tradition: Twilight prayer -- Ṛgveda (Saṃhitā) -- Ṛgveda (Pada) -- Ṛgveda (Krama) -- Ṛgveda (Jaṭā) -- Ṛgveda (Ratha) -- Ṛgveda (Special krama) -- Teaching Ṛgveda -- Black yajurveda (Koṭṭu) -- Black yajurveda (Ghoṣam) -- Sāmaveda (Opening hymn) -- Sāmaveda (Kaśyapa's vow) -- Sāmaveda (Call to sacrifice) -- Ritual recital of the adhvaryu -- Form of sāmaveda used in sacrifice -- Sāmaveda (Text hidden by syllabication) -- Stanzas accompanying oblations (yājyā) -- The libation of the soma -- Form of Ṛgveda used in sacrifice</subfield>
  </datafield>
  <datafield tag="650" ind1="1" ind2="7">
   <subfield code="a">Vedas.</subfield>
  </datafield>
  <datafield tag="650" ind1="1" ind2="7">
   <subfield code="a">Hindu philosophy.</subfield>
  </datafield>
  <datafield tag="650" ind1="1" ind2="7">
   <subfield code="a">Hindu chants--India.</subfield>
  </datafield>
  <datafield tag="700" ind1="1" ind2=" ">
   <subfield code="a">Levy, John, 1910-1976.</subfield>
  </datafield>
  <datafield tag="700" ind1="1" ind2=" ">
   <subfield code="a">Staal, Frits.</subfield>
  </datafield>
  <datafield tag="905" ind1=" " ind2=" ">
   <subfield code="a">FO</subfield>
  </datafield>
  <datafield tag="852" ind1="0" ind2=" ">
   <subfield code="a">UPD</subfield>
   <subfield code="b">DMUE</subfield>
   <subfield code="h">INDIA LP 0009</subfield>
  </datafield>
  <datafield tag="942" ind1=" " ind2=" ">
   <subfield code="a">Music</subfield>
  </datafield>
 </record>
</collection>
